000 02857cam a2200289 4500500
005 20260208003834.0
041 _afre
042 _adc
100 1 0 _aDoquet-Lacoste, Claire
_eauthor
245 0 0 _aÉcrits intermédiaires, écritures intermittentes
260 _c2009.
500 _a22
520 _aCet article introductif montre les articulations entre énonciation et conceptualisation dans l’écriture scientifique et plus précisément l’écriture de l’ébauche, dont on trouve trace dans les carnets de travail et autres espaces de prise de notes des chercheurs. La réflexion s’articule autour de deux points : la place de l’énonciation dans l’émergence des idées, telle qu’elle a été pensée depuis 1970 par les différents champs disciplinaires des sciences humaines : philosophie, anthropologie, psychologie, linguistique ; la spécificité de la conceptualisation scientifique, et les travaux sur la place centrale de l’écriture dans l’activité des chercheurs. Les traces écrites sont envisagées dans leur dimension de fixation des observations, au travers d’actions langagières comme la nomination. Ceci conduit à spécifier les modes de travail dans les différents domaines scientifiques et leurs conséquences sur la manière dont peut être perçu le rôle de l’énonciation dans la conceptualisation et la découverte.
520 _aIntermediate writing, intermittent writing Pads, note-taking, fragments of science By way of introduction to the theme, this article shows the articulations between enunciation and conceptualization in scientific writings, more precisely in the rough drafts found in researchers’ notes and outlines. We develop this in two directions: the role of enunciation in inspiring new ideas, a notion that has been maturing in the various disciplines of the humanities (philosophy, anthropology, psychology, linguistics) since the 1970s; the specific nature of scientific conceptualization, and the work accomplished on the pivotal place of writing in all scientific activity. Written traces are envisaged from the point of view of their capacity to pin down observations through language acts such as nomination. This leads us to specify the ways of working in various fields and their consequences on the perception of the role of enunciation with respect to conceptualization and invention.
690 _aconceptualisation
690 _adécou- verte
690 _aécriture
690 _aEnonciation
690 _anomination
690 _aconceptualization
690 _aEnunciation
690 _ainven- tion
690 _anomination
690 _awriting
786 0 _nLangage et société | 127 | 1 | 2009-03-09 | p. 7-22 | 0181-4095
856 4 1 _uhttps://shs.cairn.info/revue-langage-et-societe-2009-1-page-7?lang=fr&redirect-ssocas=7080
999 _c1649125
_d1649125